Nuclear structure study with neutrons. : [Proceedings of the International Conference on Nuclear Structure Study with Neutrons, Budapest, 31 July-5 August, 1972] /

Bibliographic Details
Corporate Authors: International Conference on Nuclear Structure Study with Neutrons Budapest, Magyar Tudományos Akadémia. Központi Fizikai Kutató Intézet, Eötvös Loránd Fizikai Társulat
Other Authors: Erő, J., Szűcs, Judith
Format: Conference Proceeding Book
Language:English
Published: London, New York : Plenum Press, 1974.
Subjects:

MARC

Tag First Indicator Second Indicator Subfields
LEADER 00000cam a2200000 4500
001 in00000486521
005 20151013053925.0
008 750213s1974 enka 10000 eng
010 |a  73017651  
020 |a 0306307707 
035 |a (OCoLC)01170625 
035 |9 ACC0894AM 
040 |c CSU  |d TXA  |d UtOrBLW 
049 |a TXAM  |c [1375310] 
050 0 0 |a QC793.5.N4622  |b I57 1972 
082 0 |a 539.7/213 
111 2 |a International Conference on Nuclear Structure Study with Neutrons  |d (1972 :  |c Budapest) 
245 1 0 |a Nuclear structure study with neutrons. :  |b [Proceedings of the International Conference on Nuclear Structure Study with Neutrons, Budapest, 31 July-5 August, 1972] /  |c Edited by J. Ero and J. Szucs. 
264 1 |a London,  |a New York :  |b Plenum Press,  |c 1974. 
300 |a 514 pages :  |b illustrations ;  |c 25 cm. 
336 |a text  |b txt  |2 rdacontent 
337 |a unmediated  |b n  |2 rdamedia 
338 |a volume  |b nc  |2 rdacarrier 
500 |a "Organized by the Central Research Institute for Physics and the Eotvos Lorand Physical Society." 
504 |a Includes bibliographical references. 
650 0 |a Neutrons  |v Congresses. 
650 0 |a Nuclear physics  |v Congresses. 
700 1 |a Erő, J. 
700 1 |a Szűcs, Judith. 
710 2 |a Magyar Tudományos Akadémia.  |b Központi Fizikai Kutató Intézet. 
710 2 |a Eötvös Loránd Fizikai Társulat. 
999 |a MARS 
999 f f |s 53879e22-a39a-3598-a10d-60707f207943  |i 8821dcbb-3cf3-36c6-89dc-f0a465ca4c51  |t 0 
952 f f |p ric  |a Texas A&M University  |b Rellis Campus  |c Joint Library Facility  |d Remote Storage  |t 0  |e QC793.5.N4622 I57 1972  |h Library of Congress classification  |i unmediated -- volume  |m A14804652597 
998 f f |a QC793.5.N4622 I57 1972  |t 0  |l Remote Storage